000 00620nam a2200229Ia 4500
003 OSt
005 20220923230225.0
006 a|||||r|||| 00| 0
007 ta
008 Pun
024 _a278,496
037 _cTextual
040 _aARTS
_cARTS
_bPun
041 _2Pun
_aPun
082 _aO153,1M72:g, L2
100 _aਸਿੰਘ, ਸੇਵਾ
245 0 _aਭਾਈ ਵੀਰ ਸਿੰਘ ਜੀ ਦੀ ਕਾਵਿ ਕਲਾ
260 _c1972
650 _aਪੰਜਾਬੀ ਸਾਹਿਤ
942 _hO153,1M72:g, L2
_cTEXL
_2CC
999 _c383361
_d383361